| 000 | 00824nam a2200253 a 4500 | ||
|---|---|---|---|
| 001 | adlib96000001 | ||
| 003 | ViArRB | ||
| 005 | 200902210153555.7 | ||
| 008 | 960221s1955 dcuabcdjdbkoqu001 0deng d | ||
| 020 | _a | ||
| 022 | _a | ||
| 040 | _aAdlib | ||
| 082 | _a575.1 | ||
| 245 | _aGenetic recombination | ||
| 250 | _a | ||
| 260 |
_aWashington _bAmerican Society for Microbiology _c1988 |
||
| 300 |
_axii, 731p. _c |
||
| 500 | _a | ||
| 100 |
_aKucherlapati, Raju _ed. by |
||
| 700 |
_aSmith, Gerald R _a |
||
| 942 | _cBK | ||
| 653 |
_aGenetics _aGenetic mapping _aBehavior genetics _aChromosomes _aDNA fingerprints _aEugenics _aMedical genetics _aEvolution _aBiology _aEmbryology _aLife -Biology _areproduction |
||
| 952 |
_w2010-06-16 _p00039369 _r2010-06-16 _40 _00 _bUL _10 _o575.1 KUC;1 _d2010-06-16 _70 _yBK _aUL |
||
| 999 |
_c18574 _d18573 |
||